|
|
|
|
| LEADER |
00000nam a2200000Ia 4500 |
| 008 |
180927b1992 n ||||| |||| 00| 0 spa d |
| 999 |
|
|
|c 2537
|d 2537
|
| 090 |
|
|
|a DOC # 21
|
| 110 |
|
|
|9 262
|a Programa de las Naciones Unidas para el Desarrollo
|
| 245 |
1 |
0 |
|a Perfil del desarrollo humano en Nicaragua 1992
|
| 260 |
|
|
|a Managua, Nicaragua :
|b PNUD,
|c 1992
|
| 300 |
|
|
|a 26 páginas
|
| 650 |
1 |
4 |
|a DESARROLLO HUMANO
|9 77
|
| 650 |
1 |
4 |
|a SUPERVIVENCIA INFANTIL
|9 535
|
| 650 |
1 |
4 |
|a SALUD
|9 268
|
| 650 |
1 |
4 |
|a SEGURIDAD ALIMENTARIA
|9 1237
|
| 650 |
1 |
4 |
|a EMPLEO
|9 548
|
| 650 |
1 |
4 |
|a INDICADORES SOCIALES
|9 795
|
| 942 |
|
|
|i 00136
|h DOC # 21
|2 z
|c 05
|